Central Library OPAC University of Rajshahi

শান্তিনিকেতনের শিক্ষা ও সাধনা / (Record no. 45328)

MARC details
000 -LEADER
fixed length control field 00963nam a2200241 a 4500
001 - CONTROL NUMBER
control field 45328
003 - CONTROL NUMBER IDENTIFIER
rucl marc code BD-RjUL
005 - DATE AND TIME OF LATEST TRANSACTION
control field 20211209054010.0
008 - FIXED-LENGTH DATA ELEMENTS--GENERAL INFORMATION
fixed length control field 160725s1957 bg |||| ||| 000 0 ben d
020 ## - INTERNATIONAL STANDARD BOOK NUMBER
Terms of availability : Tk 4.00
035 ## - SYSTEM CONTROL NUMBER
System control number (BD-RjUL)45446
040 ## - CATALOGING SOURCE
Original cataloging agency BD-RjUL
Language of cataloging ben
Transcribing agency BD-RjUL
041 ## - LANGUAGE CODE
Language code of text/sound track or separate title ben
082 ## - DEWEY DECIMAL CLASSIFICATION NUMBER
Edition number 23
Classification number 891.4414092
Author mark and year KOS 1957
100 10 - MAIN ENTRY--PERSONAL NAME
Personal name কর, শ্রীসুধীরচন্দ্র
9 (RLIN) 138825
245 10 - TITLE STATEMENT
Title শান্তিনিকেতনের শিক্ষা ও সাধনা /
Statement of responsibility, etc. শ্রীসুধীরচন্দ্র কর
250 ## - EDITION STATEMENT
Edition statement ২য় সং.
260 ## - PUBLICATION, DISTRIBUTION, ETC. (IMPRINT)
Place of publication, distribution, etc. কলিকাতা :
Name of publisher, distributor, etc. ওরিণ্টে বুক কোম্পানি,
Date of publication, distribution, etc. ১৯৫৭ [১৩৬৪]
300 ## - PHYSICAL DESCRIPTION
Pagination [৮] ২৫০ পৃ. ;
Size ১৮ সেমি.
650 ## - SUBJECT ADDED ENTRY--TOPICAL TERM
Topical term or geographic name as entry element ঠাকুর, রবীন্দ্রনাথ
Form subdivision জীবনী
9 (RLIN) 138826
Topical term or geographic name as entry element Tagore, Rabindranath
Form subdivision Biography
9 (RLIN) 138827
942 ## - ADDED ENTRY ELEMENTS (KOHA)
Source of classification or shelving scheme Dewey Decimal Classification
Koha item type Books
Holdings
Lost status Source of classification or shelving scheme Damaged status Not for loan Collection code Permanent Location Current Location Shelving location Date acquired Source of acquisition Cost, normal purchase price Total Checkouts Full call number Date last seen Copy number Koha item type
  Dewey Decimal Classification     Non-fiction Central Library, University of Rajshahi Central Library, University of Rajshahi   07/07/1960 warri Book Centre 4.10   B 891.4414092 KOS 1957 25/07/2016 C-2 Books